000 00209nam a2200097Ia 4500
008 240331s9999 xx 000 0 und d
082 _bRAJ
100 _aRaju,R
245 0 _aPrathaba chandra vilasam
942 _cL
999 _c4617
_d4617